000
00287nam a2200085Ia 4500
245
0
_a
The War reporter : the Anglo-Boer war through the eyes of the burghers
100
_a
Grobler, J. E. H. , Johannesburg, [c.2004]
_9
85344
942
_c
BK
008
210817s9999 xx 000 0 und d
999
_c
318541
_d
318540